banner-ar

TELECOMMUNICATION SYSTEM ENGINEERING / (Record no. 14344)

MARC details
000 -الفاتح
حقل البيانات ثابتة الطول 00615nam a2200217Ia 4500
008 - عناصر البيانات ثابتة الطول - معلومات عامة
حقل البيانات ثابتة الطول 140319s9999 xx 000 0 eng d
040 ## - مصدر الفهرسة
وكالة الفهرسة الأصلية GCL /
وكالة النسخ GCL
082 04 - رقم تصنيف ديوى العشرى
رقم التصنيف 621.382
رقم المادة F T
100 1# - المدخل الرئيسى - إسم شخصى
الإسم الشخصى FREEMAN, ROGER L
245 10 - بيان العنوان
العنوان TELECOMMUNICATION SYSTEM ENGINEERING /
بيان المسئوليه,etc FREEMAN, ROGER L
260 ## - PUBLICATION, DISTRIBUTION, ETC. (IMPRINT)
تاريخ النشر أو التوزيع 1996
300 ## - الوصف المادى
التعداد 1023
650 04 - المدخل الاضافى بالموضوع-مصطلح موضوعى
مصطلح موضوعي TELECOMMUNICATION
650 04 - المدخل الاضافى بالموضوع-مصطلح موضوعى
مصطلح موضوعي COMMUNICATION ENGINEERING
650 04 - المدخل الاضافى بالموضوع-مصطلح موضوعى
مصطلح موضوعي TELECOMMUNICATION - SYSTEMS
650 04 - المدخل الاضافى بالموضوع-مصطلح موضوعى
مصطلح موضوعي TECHNOLOGY
650 04 - المدخل الاضافى بالموضوع-مصطلح موضوعى
مصطلح موضوعي COMMUNICATION
650 04 - المدخل الاضافى بالموضوع-مصطلح موضوعى
مصطلح موضوعي TELEPHONE SYSTEM
942 ## - عناصر المدخل الإضافي( كوها)
مصدر التصنيف او مخطط الترفيف Dewey Decimal Classification
Koha [default] item type كتاب
260 ## - PUBLICATION, DISTRIBUTION, ETC. (IMPRINT)
-- [S.N] :
-- A WILEY - INTERSCIENCE PUBLICATIONS ،
Holdings
حالة التراجع حالة الفقد حالة تلف ليس للاعارة المكان المؤقت الموقع الحالى تاريخ الاكتساب اجمالي اﻻعارات رقم الطلب الباركود تاريخ اخر مشاهدة تاريخ تفعيل السعر نوع وعاء كوها
        مكتبة القاهرة الكبرى مكتبة القاهرة الكبرى 03/26/2014   621.382\F T 26979 03/26/2014 03/26/2014 كتاب

Powered By

EGPV